Les Jeux Kingdom Hearts - Statistiques

Statistiques générales
  • Ce quiz a été pris 207 fois
    206 depuis la dernière actualisation
  • Le résultat moyen est 15 sur 24
Statistiques - réponses
Réponse % Correct
Kingdom Hearts
100%
Kingdom Hearts II
100%
Kingdom Hearts III
99%
Kingdom Hearts : Birth By Sleep
90%
Kingdom Hearts : Chain of Memories
84%
Kingdom Hearts : 358/2 Days
81%
Kingdom Hearts 3D : Dream Drop Distance
80%
Kingdom Hearts Re : Coded
78%
Kingdom Hearts : Coded
71%
Kingdom Hearts HD : Dream Drop Distance
68%
Kingdom Hearts X/Unchained X/Union X
67%
Kingdom Hearts HD 1.5 ReMIX
63%
Kingdom Hearts HD 2.5 ReMIX
62%
Kingdom Hearts : Final Mix
61%
Kingdom Hearts Re : Chain of Memories
61%
Kingdom Hearts 0.2 Birth By Sleep : A Fragmentary Passage
57%
Kingdom Hearts HD 2.8 Final Chapter Prologue
55%
Kingdom Hearts II Final Mix
55%
Kingdom Hearts HD 1.5 + 2.5 ReMIX
38%
Kingdom Hearts Birth By Sleep : Final Mix
32%
Kingdom Hearts : The Story So Far
26%
Kingdom Hearts : All-In-One
19%
Kingdom Hearts X Back Cover
9%
Kingdom Hearts : VR Experience
1%
Aucun quiz correspondant
Distribution des résultats
% des personnes avec chaque résultat
Percentile par nombre de réponses
Votre historique - résultats
Vous n’avez pas pris ce quiz depuis la dernière actualisation